Analysis of repeated measures

Wedi'i Gadw mewn:
Manylion Llyfryddiaeth
Prif Awdur: Crowder
Fformat: Llyfr
Iaith:Undetermined
Pynciau:
Tagiau: Ychwanegu Tag
Dim Tagiau, Byddwch y cyntaf i dagio'r cofnod hwn!
Thư viện lưu trữ: Trung tâm Học liệu Trường Đại học Cần Thơ
LEADER 00385nam a2200145Ia 4500
001 CTU_67146
008 210402s9999 xx 000 0 und d
082 |a 543 
082 |b C973 
100 |a Crowder 
245 0 |a Analysis of repeated measures 
245 0 |c Crowder and Hand 
650 |a chemistry, analytic 
904 |i Minh 
980 |a Trung tâm Học liệu Trường Đại học Cần Thơ